Quản lí phương pháp tổ chức hoạt động giáo dục ngoài giờ lên lớp của hiệu trưởng ở một số trường trung học cơ sở huyện U Minh, tỉnh Cà Mau /
Đã lưu trong:
| Hovedforfatter: | |
|---|---|
| Andre forfattere: | |
| Format: | Bài viết |
| Sprog: | Vietnamese |
| Fag: | |
| Tags: |
Tilføj Tag
Ingen Tags, Vær først til at tagge denne postø!
|
| Thư viện lưu trữ: | Thư viện Trường Đại học Đà Lạt |
|---|
| LEADER | 00986nam a2200277 4500 | ||
|---|---|---|---|
| 001 | DLU190189909 | ||
| 005 | ##20190319 | ||
| 040 | # | # | |a DLU |b vie |
| 041 | # | # | |a vie |
| 044 | # | # | |a vn |
| 100 | # | # | |a Huỳnh Mộng Tuyền. |
| 245 | # | # | |a Quản lí phương pháp tổ chức hoạt động giáo dục ngoài giờ lên lớp của hiệu trưởng ở một số trường trung học cơ sở huyện U Minh, tỉnh Cà Mau / |c Huỳnh Mộng Tuyền, Nguyễn Sáng Kiến. |
| 653 | # | # | |a Hoạt động giáo dục |
| 653 | # | # | |a Phương pháp quản lí |
| 653 | # | # | |a Phương pháp tổ chức |
| 700 | # | # | |a Nguyễn Sáng Kiến |
| 773 | # | # | |t Tạp chí Giáo dục |g Số 391, 2016, tr. 9-12 |
| 920 | # | # | |a Phòng Tạp chí -- Trung tâm Thông tin - Thư viện Trường Đại học Đà Lạt |
| 994 | # | # | |a DLU |
| 900 | # | # | |a True |
| 911 | # | # | |a Trần Thị Minh Hương |
| 925 | # | # | |a G |
| 926 | # | # | |a A |
| 927 | # | # | |a BB |
| 980 | # | # | |a Thư viện Trường Đại học Đà Lạt |